00662nam a2200205Ia 4500001001000000003000500010008004100015010001100056040000900067082001700076100002000093245008300113260010900196300001000305440001900315500003200334650002300366650004900389700001800438Para_7500CHAP220125s1934 xx 000 0 und d a206388 cCHAP aPA-C 632 B85 aReinhard, H. J. aIngestion of poison by the ball weevil /c by H. J. Reinhard and F. L. Thomas aBrazos Country, Texas :b Agricultural and Mechanical College of Texas. Agricultural Experiment Station a33 p. aBulletin ; 475 aEnc. con impresos similares aAnthonomus grandis aFitopaptología x colecciones de escritos  aThomas, F. L.